Zamestnanosť v krajinách V4 konečne nad predkrízovou úrovňou

Prehľad súčasných tendencií na trhoch práce v skupine V4. Aktuálne možno pozorovať prevažne pozitívne tendencie v regióne: V roku 2016 sa už zamestnanosť vo všetkých krajinách V4 dostala vyššie, ako bola v roku 2008 pred prepuknutím krízy. Tomu zodpovedajúco klesli miery nezamestnanosti. Priaznivo s...

ver descrição completa

Na minha lista:
Detalhes bibliográficos
Autor principal: Morvay, Karol, 1973-
Formato: Capítulo de Livro
Idioma:eslovaco
Assuntos:
Tags: Adicionar Tag
Sem tags, seja o primeiro a adicionar uma tag!

MARC

LEADER 00000naa a2200000 4500
001 0226280
005 20240502073722.6
041 0 |a slo 
044 |a SK 
245 1 0 |a Zamestnanosť v krajinách V4 konečne nad predkrízovou úrovňou  |c Karol Morvay 
520 |a Prehľad súčasných tendencií na trhoch práce v skupine V4. Aktuálne možno pozorovať prevažne pozitívne tendencie v regióne: V roku 2016 sa už zamestnanosť vo všetkých krajinách V4 dostala vyššie, ako bola v roku 2008 pred prepuknutím krízy. Tomu zodpovedajúco klesli miery nezamestnanosti. Priaznivo sa mení vzťah medzi ekonomickým rastom a zamestnanosťou. Zamestnávatelia sa však už sťažujú na nedostatok vhodnej pracovnej sily. 
610 2 0 |a trh práce 
610 2 0 |a miera nezamestnanosti 
610 2 0 |a Vyšehradská štvorka 
610 2 0 |a sily pracovné 
610 2 0 |a kvalifikácia 
100 1 |a Morvay, Karol, 1973-